[Event "Mittelfranken-chTB2b 1213"]
[Site "Germany"]
[Date "2013.01.27"]
[Round "1.8"]
[White "Ruderer, Maximilian"]
[Black "Reuschl, Stefan"]
[Result "1-0"]
[WhiteElo "1683"]
[BlackElo "1752"]
[PlyCount "81"]
[EventDate "2012.10.07"]
[EventType "team-tourn"]
[EventRounds "9"]
[EventCountry "GER"]
[SourceTitle "EXT 2019"]
[Source "ChessBase"]
[SourceDate "2018.10.10"]
[SourceVersion "1"]
[SourceVersionDate "2018.10.10"]
[SourceQuality "1"]
[WhiteTeam "Heideck/Hilpoltstein"]
[BlackTeam "Muehlhof/Schwabach"]
[WhiteTeamCountry "GER"]
[BlackTeamCountry "GER"]

1. e4 c5 2. Nf3 Nc6 3. Bb5 Nd4 4. Nxd4 cxd4 5. 0-0 a6 6. Ba4 b5 7. Bb3 Bb7 8. d3 e6 9. Nd2 Ne7 10. a4 b4 11. f4 f5 12. Nc4 Qc7 13. exf5 Nxf5 14. Ne5 g6 15. Qg4 Bg7 16. Re1 Bxe5 17. Rxe5 0-0-0 18. Bd2 h5 19. Qe2 h4 20. Bxb4 Bc6 21. Ba5 Qb7 22. Bxd8 Kxd8 23. Rf1 h3 24. Rf2 hxg2 25. Qg4 Nh4 26. Qg5+ Kc8 27. Rc5 Qb4 28. Qe5 Rh5 29. Rxc6+ dxc6 30. Qxe6+ Kb7 31. Qd7+ Kb6 32. Qd8+ Kb7 33. Re2 Rh7 34. Re8 Nf3+ 35. Kxg2 Qd2+ 36. Kg3 Qxh2+ 37. Kxf3 Rh3+ 38. Ke4 Qg2+ 39. Kxd4 Qf2+ 40. Kc3 Qc5+ 41. Bc4 1-0

[Event "Mittelfranken-chTB1 0910"]
[Site "Mittelfranken"]
[Date "2010.03.14"]
[Round "8.5"]
[White "Meyer, Friedrich"]
[Black "Reuschl, Stefan"]
[Result "1-0"]
[WhiteElo "1942"]
[BlackElo "1831"]
[PlyCount "79"]
[EventDate "2009.10.11"]
[EventType "team-tourn"]
[EventRounds "9"]
[EventCountry "GER"]
[SourceTitle "EXT 2011"]
[Source "ChessBase"]
[SourceDate "2010.11.26"]
[SourceVersion "1"]
[SourceVersionDate "2010.11.26"]
[SourceQuality "1"]
[WhiteTeam "Gunzenhausen"]
[BlackTeam "Muehlhof/Mfr"]
[WhiteTeamCountry "GER"]
[BlackTeamCountry "GER"]

1. d4 Nf6 2. Nf3 e6 3. e3 c5 4. Bd3 b6 5. 0-0 d5 6. b3 cxd4 7. exd4 Ba6 8. c4 Be7 9. Bb2 Nc6 10. Nbd2 Rc8 11. Rc1 0-0 12. Re1 Rc7 13. Bb1 Na5 14. Ne5 Bb4 15. Bc3 Qd6 16. Ng4 Nxg4 17. Qxg4 f5 18. Bxb4 Qxb4 19. Qe2 dxc4 20. Qxe6+ Rcf7 21. Nf3 Bc8 22. Qe5 cxb3 23. Ng5 Rf6 24. axb3 h6 25. Nf3 Qxb3 26. d5 Nc4 27. Qd4 Nd6 28. Bc2 Qc4 29. Qe3 Re8 30. Qd2 Rxe1+ 31. Rxe1 Bb7 32. Rd1 Ne4 33. Bxe4 fxe4 34. Ne5 Qc8 35. Rc1 Qd8 36. Qa2 Qxd5 37. Qxd5+ Bxd5 38. Rc8+ Rf8 39. Rc7 Re8 40. Ng6 1-0

[Event "Mittelfranken-chTB1 0910"]
[Site "Mittelfranken"]
[Date "2010.02.21"]
[Round "7.4"]
[White "Wallinger, Manfred"]
[Black "Reuschl, Stefan"]
[Result "1-0"]
[WhiteElo "2094"]
[BlackElo "1831"]
[PlyCount "79"]
[EventDate "2009.10.11"]
[EventType "team-tourn"]
[EventRounds "9"]
[EventCountry "GER"]
[SourceTitle "EXT 2011"]
[Source "ChessBase"]
[SourceDate "2010.11.26"]
[SourceVersion "1"]
[SourceVersionDate "2010.11.26"]
[SourceQuality "1"]
[WhiteTeam "Altensittenbach"]
[BlackTeam "Muehlhof/Mfr"]
[WhiteTeamCountry "GER"]
[BlackTeamCountry "GER"]

1. d4 e6 2. c4 Nf6 3. Nc3 d5 4. cxd5 Nxd5 5. e4 Nxc3 6. bxc3 c5 7. Nf3 cxd4 8. cxd4 Qa5+ 9. Bd2 Bb4 10. Rb1 Bxd2+ 11. Qxd2 Qxd2+ 12. Kxd2 b6 13. Bb5+ Ke7 14. Rhc1 Rd8 15. Rc7+ Bd7 16. Ne5 f6 17. Bxd7 fxe5 18. Bc8+ Nd7 19. Rbc1 exd4 20. R1c6 h6 21. f4 g6 22. g4 a5 23. f5 exf5 24. gxf5 gxf5 25. exf5 Raxc8 26. Rxc8 Rxc8 27. Rxc8 Kf6 28. Kd3 Kxf5 29. Kxd4 h5 30. Kd5 Nf6+ 31. Kc6 Ng4 32. h4 Ne5+ 33. Kxb6 Kg4 34. Rg8+ Kxh4 35. Kxa5 Ng4 36. Kb5 Kg3 37. a4 h4 38. a5 h3 39. a6 h2 40. Rh8 1-0

[Event "Mittelfranken-chTB2b 0809"]
[Site "Mittelfranken"]
[Date "2009.03.22"]
[Round "8.4"]
[White "Reuschl, Stefan"]
[Black "Ruderer, Thomas"]
[Result "1-0"]
[WhiteElo "1831"]
[BlackElo "1751"]
[PlyCount "73"]
[EventDate "2008.10.12"]
[EventType "team"]
[EventRounds "9"]
[EventCountry "GER"]
[SourceTitle "EXT 2011"]
[Source "ChessBase"]
[SourceDate "2010.11.26"]
[SourceVersion "1"]
[SourceVersionDate "2010.11.26"]
[SourceQuality "1"]
[WhiteTeam "Muehlhof/Schwabach"]
[BlackTeam "Heideck/Hilpoltstein"]
[WhiteTeamCountry "GER"]
[BlackTeamCountry "GER"]

1. e4 e6 2. d4 d5 3. exd5 exd5 4. Bd3 Nf6 5. Nf3 Bg4 6. 0-0 Be7 7. Bg5 Nbd7 8. Nbd2 0-0 9. c3 c6 10. Qc2 Bxf3 11. Nxf3 h6 12. Bh4 Qc7 13. Rae1 Bd6 14. Bxf6 Nxf6 15. Ne5 Bxe5 16. dxe5 Nd7 17. f4 Rae8 18. b4 Qb6+ 19. Rf2 d4 20. cxd4 Qxd4 21. Rd1 Qxb4 22. Bh7+ Kh8 23. Rxd7 Qe1+ 24. Rf1 Qe3+ 25. Kh1 Rd8 26. Rd3 Rxd3 27. Qxd3 Qb6 28. Be4 Rd8 29. Qb1 Qe3 30. Qe1 Qa3 31. Bb1 c5 32. Qe4 g6 33. Qxb7 Kg8 34. f5 gxf5 35. Bxf5 Qxa2 36. e6 fxe6 37. Qh7+ 1-0

[Event "Mittelfranken-chTB2b 0809"]
[Site "Mittelfranken"]
[Date "2009.03.08"]
[Round "7.4"]
[White "Rank, Klaus"]
[Black "Reuschl, Stefan"]
[Result "1/2-1/2"]
[WhiteElo "1691"]
[BlackElo "1831"]
[PlyCount "120"]
[EventDate "2008.10.12"]
[EventType "team"]
[EventRounds "9"]
[EventCountry "GER"]
[SourceTitle "EXT 2011"]
[Source "ChessBase"]
[SourceDate "2010.11.26"]
[SourceVersion "1"]
[SourceVersionDate "2010.11.26"]
[SourceQuality "1"]
[WhiteTeam "Bechhofen II"]
[BlackTeam "Muehlhof/Schwabach"]
[WhiteTeamCountry "GER"]
[BlackTeamCountry "GER"]

1. e4 c5 2. Nf3 e6 3. d4 cxd4 4. Nxd4 b6 5. Be2 Nf6 6. e5 Nd5 7. Bf3 Ba6 8. Bxd5 exd5 9. Nf3 Nc6 10. c3 d4 11. a3 Be7 12. cxd4 0-0 13. Nc3 d6 14. exd6 Bxd6 15. Be3 Re8 16. Ne2 Qf6 17. 0-0 Bb7 18. b4 h6 19. Ng3 g5 20. Qd3 Ne7 21. Nd2 Rad8 22. Rfe1 Bf4 23. Nge4 Qg6 24. Bxf4 gxf4 25. f3 Nd5 26. Nb3 Ne3 27. Ra2 Kh8 28. Rf2 Rg8 29. Ree2 Bd5 30. Nbd2 Rc8 31. Rxe3 fxe3 32. Qxe3 Rc1+ 33. Nf1 Rgc8 34. g3 f5 35. Nc5 Rxf1+ 36. Rxf1 Re8 37. Qc3 bxc5 38. dxc5+ Kh7 39. Rd1 Bc6 40. Rd6 Re6 41. Rd8 Qf6 42. Qxf6 Rxf6 43. Kf2 Re6 44. Rd2 Kg6 45. h3 h5 46. h4 f4 47. Rd4 fxg3+ 48. Kxg3 Kf5 49. Rd8 Re3 50. Rd6 Bxf3 51. Kf2 Rc3 52. b5 Ke5 53. Rd7 Rxc5 54. Kxf3 Rc3+ 55. Ke2 Rxa3 56. Rh7 Kf5 57. Rxh5+ Kg4 58. Rc5 Kxh4 59. Rc4+ Kg5 60. Rb4 Kf5 1/2-1/2

[Event "Mittelfrankenliga-B2b 0708"]
[Site "Mittelfranken"]
[Date "2008.04.27"]
[Round "9.6"]
[White "Oberndoerfer, Dieter"]
[Black "Reuschl, Stefan"]
[Result "1/2-1/2"]
[WhiteElo "1721"]
[BlackElo "1797"]
[PlyCount "64"]
[EventDate "2007.10.14"]
[EventType "team-tourn"]
[EventRounds "9"]
[EventCountry "GER"]
[SourceTitle "EXT 2011"]
[Source "ChessBase"]
[SourceDate "2010.11.26"]
[SourceVersion "1"]
[SourceVersionDate "2010.11.26"]
[SourceQuality "1"]
[WhiteTeam "Schwabach"]
[BlackTeam "Muehlhof"]
[WhiteTeamCountry "GER"]
[BlackTeamCountry "GER"]

1. e4 c5 2. c3 Nc6 3. d4 cxd4 4. cxd4 d5 5. e5 Qb6 6. Nc3 Qxd4 7. Qxd4 Nxd4 8. Nxd5 Nc2+ 9. Kd2 Nxa1 10. Nc7+ Kd8 11. Nxa8 Be6 12. b3 Bxb3 13. Kc3 Bxa2 14. Be3 b6 15. Kb2 Bd5 16. Nxb6 axb6 17. Bxb6+ Kd7 18. Kxa1 Kc6 19. Bd4 Nh6 20. Nf3 Bxf3 21. gxf3 Nf5 22. Bb2 e6 23. Bd3 Bc5 24. Rc1 Ra8+ 25. Kb1 Ne7 26. Bd4 Ra5 27. Bc3 Ra3 28. Kb2 Kb6 29. Bc4 Ra7 30. Rd1 h6 31. Bd4 Bxd4+ 32. Rxd4 Kc5 1/2-1/2

[Event "Mittelfrankenliga-B2b 0708"]
[Site "Mittelfranken"]
[Date "2008.03.02"]
[Round "7.5"]
[White "Diller, Marianne"]
[Black "Reuschl, Stefan"]
[Result "1-0"]
[WhiteElo "1825"]
[BlackElo "1797"]
[PlyCount "39"]
[EventDate "2007.10.14"]
[EventType "team-tourn"]
[EventRounds "9"]
[EventCountry "GER"]
[SourceTitle "EXT 2011"]
[Source "ChessBase"]
[SourceDate "2010.11.26"]
[SourceVersion "1"]
[SourceVersionDate "2010.11.26"]
[SourceQuality "1"]
[WhiteTeam "Rothenburg"]
[BlackTeam "Muehlhof"]
[WhiteTeamCountry "GER"]
[BlackTeamCountry "GER"]

1. d4 Nf6 2. c4 e6 3. Nc3 c5 4. d5 exd5 5. cxd5 d6 6. e4 a6 7. Bd3 b5 8. a3 Bg4 9. Nge2 Nbd7 10. 0-0 g5 11. f3 Bh5 12. Bxg5 Rg8 13. Bh4 Ne5 14. Ng3 Bg6 15. Be2 b4 16. axb4 cxb4 17. Bxf6 Qb6+ 18. Kh1 bxc3 19. Qa4+ Nd7 20. bxc3 1-0

[Event "Mittelfrankenliga-B2b 0708"]
[Site "Mittelfranken"]
[Date "2007.11.25"]
[Round "3.6"]
[White "Reuschl, Stefan"]
[Black "Martin, Hans"]
[Result "1-0"]
[WhiteElo "1797"]
[BlackElo "1768"]
[PlyCount "29"]
[EventDate "2007.10.14"]
[EventType "team-tourn"]
[EventRounds "9"]
[EventCountry "GER"]
[SourceTitle "EXT 2011"]
[Source "ChessBase"]
[SourceDate "2010.11.26"]
[SourceVersion "1"]
[SourceVersionDate "2010.11.26"]
[SourceQuality "1"]
[WhiteTeam "Muehlhof"]
[BlackTeam "Buechenbach/Roth II"]
[WhiteTeamCountry "GER"]
[BlackTeamCountry "GER"]

1. e4 e5 2. Nf3 Nc6 3. Bc4 Nf6 4. Nc3 Bc5 5. d3 d6 6. Bg5 h6 7. Bxf6 Qxf6 8. Nd5 Qd8 9. c3 Ne7 10. Ne3 Bxe3 11. fxe3 Bg4 12. Qb3 Bxf3 13. Bxf7+ Kf8 14. 0-0 Ng8 15. Bxg8 1-0

[Event "Mittelfrankenliga-B2b 0607"]
[Site "Mittelfranken"]
[Date "2007.02.11"]
[Round "6.6"]
[White "Reuschl, Stefan"]
[Black "Dereser, Marc"]
[Result "0-1"]
[WhiteElo "1778"]
[BlackElo "1822"]
[PlyCount "100"]
[EventDate "2006.10.22"]
[EventType "team-tourn"]
[EventRounds "9"]
[EventCountry "GER"]
[SourceTitle "EXT 2011"]
[Source "ChessBase"]
[SourceDate "2010.11.26"]
[SourceVersion "1"]
[SourceVersionDate "2010.11.26"]
[SourceQuality "1"]
[WhiteTeam "Muehlhof"]
[BlackTeam "Nuernberg SK 1911 II"]
[WhiteTeamCountry "GER"]
[BlackTeamCountry "GER"]

1. e4 c5 2. Nf3 d6 3. d4 cxd4 4. Nxd4 Nf6 5. Nc3 a6 6. a4 e6 7. Be3 Be7 8. Bc4 0-0 9. a5 Nxe4 10. Nxe4 d5 11. Bd3 dxe4 12. Bxe4 Bb4+ 13. c3 Bxa5 14. 0-0 Bc7 15. Qb3 Bxh2+ 16. Kxh2 Qh4+ 17. Kg1 Qxe4 18. Nb5 Nc6 19. Rfd1 Rb8 20. Nd6 Qg6 21. Bb6 e5 22. Bc7 Bg4 23. Qd5 Bxd1 24. Bxb8 Bf3 25. Qxf3 Rxb8 26. Rd1 h6 27. Qd5 Rd8 28. c4 Nd4 29. c5 b6 30. b4 a5 31. Qb7 bxc5 32. bxc5 Rf8 33. Ra1 Ne2+ 34. Kf1 Qd3 35. Qb1 Qa6 36. Qb6 Ng3+ 37. Kg1 Ne2+ 38. Kf1 Ng3+ 39. Kg1 Ne2+ 40. Kh2 Ra8 41. Re1 Nd4 42. Rxe5 a4 43. Re8+ Kh7 44. Qb1+ g6 45. Re7 Rf8 46. Nxf7 Qf6 47. Qb7 Qf4+ 48. Kh3 Qf5+ 49. Kh4 Qf4+ 50. g4 Qh2# 0-1

[Event "Mittelfranken Mitte-ch 0607"]
[Site "Zirndorf"]
[Date "2007.01.21"]
[Round "6"]
[White "Reuschl, Stefan"]
[Black "Woerl, Richard"]
[Result "0-1"]
[WhiteElo "1794"]
[BlackElo "1970"]
[PlyCount "68"]
[EventDate "2007.01.05"]
[EventType "swiss"]
[EventRounds "7"]
[EventCountry "GER"]
[SourceTitle "EXT 2015"]
[Source "ChessBase"]
[SourceDate "2014.11.20"]
[SourceVersion "1"]
[SourceVersionDate "2014.11.20"]
[SourceQuality "1"]

1. e4 c5 2. Nf3 Nc6 3. d4 cxd4 4. Nxd4 e5 5. Nb5 d6 6. N1c3 a6 7. Na3 b5 8. Nd5 Nf6 9. Bg5 Be7 10. Bxf6 Bxf6 11. c3 0-0 12. Nc2 Bg5 13. Bd3 Be6 14. a4 Bxd5 15. exd5 Ne7 16. axb5 Qb6 17. Nb4 axb5 18. Rxa8 Rxa8 19. 0-0 g6 20. Qe2 Ra5 21. Qg4 Bf6 22. Qd7 Kg7 23. Rd1 Qc5 24. Nc6 Nxc6 25. Qxc6 b4 26. Qxc5 Rxc5 27. c4 e4 28. Be2 Bxb2 29. Rd2 Ba3 30. Ra2 Kf6 31. Kf1 Ke5 32. Ke1 Ra5 33. Bd1 Kd4 34. Kd2 Bc1+ 0-1

[Event "Mittelfranken Mitte-ch 0607"]
[Site "Zirndorf"]
[Date "2007.01.05"]
[Round "1"]
[White "Sargin, Anatol"]
[Black "Reuschl, Stefan"]
[Result "0-1"]
[WhiteElo "2124"]
[BlackElo "1794"]
[PlyCount "62"]
[EventDate "2007.01.05"]
[EventType "swiss"]
[EventRounds "7"]
[EventCountry "GER"]
[SourceTitle "EXT 2015"]
[Source "ChessBase"]
[SourceDate "2014.11.20"]
[SourceVersion "1"]
[SourceVersionDate "2014.11.20"]
[SourceQuality "1"]

1. e4 c5 2. Nf3 e6 3. c3 Nc6 4. d4 d5 5. e5 Qb6 6. Bd3 Bd7 7. 0-0 cxd4 8. cxd4 Nxd4 9. Nxd4 Qxd4 10. Nc3 a6 11. Qe2 g6 12. Kh1 Ne7 13. Bg5 Bg7 14. f4 Nf5 15. Rae1 h6 16. Bf6 Bxf6 17. exf6 0-0-0 18. Rc1 Kb8 19. Rfd1 Qxf4 20. Bxa6 bxa6 21. Qxa6 Qb4 22. g4 Ne3 23. a3 Qb7 24. Qd6+ Ka8 25. Rd4 Nc4 26. Qe7 e5 27. Rd3 d4+ 28. Kg1 Ne3 29. Rxe3 dxe3 30. Qxf7 Qf3 31. h3 Bc6 0-1

[Event "Mittelfrankenliga-B2b 0607"]
[Site "Mittelfranken"]
[Date "2006.12.03"]
[Round "3.6"]
[White "Schuster, Norbert"]
[Black "Reuschl, Stefan"]
[Result "0-1"]
[WhiteElo "1713"]
[BlackElo "1778"]
[PlyCount "58"]
[EventDate "2006.10.22"]
[EventType "team-tourn"]
[EventRounds "9"]
[EventCountry "GER"]
[SourceTitle "EXT 2011"]
[Source "ChessBase"]
[SourceDate "2010.11.26"]
[SourceVersion "1"]
[SourceVersionDate "2010.11.26"]
[SourceQuality "1"]
[WhiteTeam "Buechenbach/Roth II"]
[BlackTeam "Muehlhof"]
[WhiteTeamCountry "GER"]
[BlackTeamCountry "GER"]

1. e4 c5 2. Nf3 e6 3. g3 d6 4. Bg2 Nf6 5. d3 Be7 6. 0-0 Nc6 7. c3 h5 8. Re1 e5 9. Nh4 Ng4 10. Nf5 g6 11. Nxe7 Qxe7 12. h3 Nh6 13. f4 f5 14. exf5 Nxf5 15. Kh2 Bd7 16. a3 0-0 17. b4 cxb4 18. axb4 a6 19. d4 Rae8 20. dxe5 dxe5 21. Bxc6 Bxc6 22. Rxe5 Qc7 23. Qb3+ Kh7 24. Rxe8 Rxe8 25. Ra2 Re1 26. Rg2 Bxg2 27. Bd2 Re2 28. c4 Be4+ 29. Kg1 Bxb1 0-1

[Event "Mittelfranken-ch QT 55th"]
[Site "Postbauer"]
[Date "2006.04.15"]
[Round "7"]
[White "Reuschl, Stefan"]
[Black "Schloetterer, Hermann"]
[Result "0-1"]
[WhiteElo "1756"]
[BlackElo "1959"]
[PlyCount "84"]
[EventDate "2006.04.12"]
[EventType "swiss"]
[EventRounds "7"]
[EventCountry "GER"]
[SourceTitle "EXT 2015"]
[Source "ChessBase"]
[SourceDate "2014.11.20"]
[SourceVersion "1"]
[SourceVersionDate "2014.11.20"]
[SourceQuality "1"]

1. e4 c5 2. Nf3 Nc6 3. d4 cxd4 4. Nxd4 Nf6 5. Nc3 e5 6. Ndb5 d6 7. Bg5 a6 8. Na3 b5 9. Nd5 Be7 10. Bxf6 Bxf6 11. c3 0-0 12. Nc2 Bg5 13. a4 bxa4 14. Rxa4 a5 15. Bc4 Rb8 16. b3 Kh8 17. 0-0 f5 18. exf5 Bxf5 19. Nce3 Be6 20. Qc2 Rb7 21. Ba6 Rbf7 22. Bd3 Qb8 23. Bc4 Qa7 24. Qe4 Qb7 25. f3 Ne7 26. Qd3 Ng6 27. Rxa5 Nf4 28. Nxf4 Bxc4 29. Nxc4 Rxf4 30. Rfa1 e4 31. fxe4 Rxe4 32. Nxd6 Qb6+ 33. Kh1 Ref4 34. Nc4 Qf6 35. Nd2 Rf2 36. Nf3 Bf4 37. Ra8 Bb8 38. Qd4 Rxf3 39. gxf3 Qxf3+ 40. Kg1 Qf7 41. Qe4 Qf2+ 42. Kh1 Qxh2# 0-1

[Event "Mittelfranken-ch QT 55th"]
[Site "Postbauer"]
[Date "2006.04.14"]
[Round "5"]
[White "Reuschl, Stefan"]
[Black "Rosmann, Armin"]
[Result "1-0"]
[WhiteElo "1756"]
[BlackElo "1548"]
[PlyCount "46"]
[EventDate "2006.04.12"]
[EventType "swiss"]
[EventRounds "7"]
[EventCountry "GER"]
[SourceTitle "EXT 2015"]
[Source "ChessBase"]
[SourceDate "2014.11.20"]
[SourceVersion "1"]
[SourceVersionDate "2014.11.20"]
[SourceQuality "1"]

1. e4 e5 2. Nf3 Nc6 3. Bc4 d6 4. 0-0 Bg4 5. c3 Bxf3 6. Qxf3 Qf6 7. Qe2 g5 8. b4 Nge7 9. Na3 Ng6 10. f4 Nxf4 11. Qe3 Qg6 12. Bb2 Bg7 13. g3 h5 14. Kh1 Ne6 15. Rf5 Ne7 16. Bxe6 fxe6 17. Rf2 c6 18. Nc4 Kd7 19. d3 g4 20. Raf1 Bh6 21. Qe2 Bg5 22. d4 exd4 23. cxd4 d5 1-0

[Event "Mittelfranken-ch QT 55th"]
[Site "Postbauer"]
[Date "2006.04.12"]
[Round "2"]
[White "Zwingel, Stephan"]
[Black "Reuschl, Stefan"]
[Result "0-1"]
[WhiteElo "1926"]
[BlackElo "1756"]
[PlyCount "36"]
[EventDate "2006.04.12"]
[EventType "swiss"]
[EventRounds "7"]
[EventCountry "GER"]
[SourceTitle "EXT 2015"]
[Source "ChessBase"]
[SourceDate "2014.11.20"]
[SourceVersion "1"]
[SourceVersionDate "2014.11.20"]
[SourceQuality "1"]

1. Nf3 d5 2. c4 d4 3. b4 e5 4. Nxe5 Qf6 5. Nd3 Bf5 6. a3 Bxd3 7. exd3 Nc6 8. Be2 Nge7 9. Bb2 Rd8 10. 0-0 Ng6 11. Bf3 Be7 12. Bxc6+ Qxc6 13. Qg4 Qf6 14. Re1 0-0 15. b5 Rfe8 16. a4 Ne5 17. Qe4 Bf8 18. Ba3 Nxd3 0-1

[Event "Mittelfranken Mitte-ch 0506"]
[Site "Zirndorf"]
[Date "2006.01.08"]
[Round "5"]
[White "Reuschl, Stefan"]
[Black "Ahlich, Thomas"]
[Result "1/2-1/2"]
[WhiteElo "1709"]
[BlackElo "1852"]
[PlyCount "67"]
[EventDate "2006.01.06"]
[EventType "swiss"]
[EventRounds "7"]
[EventCountry "GER"]
[SourceTitle "EXT 2015"]
[Source "ChessBase"]
[SourceDate "2014.11.20"]
[SourceVersion "1"]
[SourceVersionDate "2014.11.20"]
[SourceQuality "1"]

1. e4 e5 2. Nf3 Nc6 3. Bc4 Bc5 4. c3 Nf6 5. d4 exd4 6. cxd4 Bb4+ 7. Bd2 Bxd2+ 8. Nbxd2 d5 9. exd5 Nxd5 10. Qb3 Na5 11. Qa4+ c6 12. Bxd5 Qxd5 13. 0-0 0-0 14. Rfe1 Qb5 15. Qxb5 cxb5 16. d5 Nc4 17. Nxc4 bxc4 18. Re7 b5 19. Rae1 a5 20. Nd4 b4 21. d6 Be6 22. Nxe6 fxe6 23. d7 c3 24. bxc3 bxc3 25. Rc1 Rfd8 26. Rxc3 Kf8 27. Rxe6 Rxd7 28. Rf3+ Kg8 29. g3 Rd1+ 30. Kg2 Rd2 31. a3 Ra2 32. Re4 a4 33. h4 h6 34. g4 1/2-1/2

[Event "Mittelfranken Mitte-ch 0506"]
[Site "Zirndorf"]
[Date "2006.??.??"]
[Round "7"]
[White "Reuschl, Stefan"]
[Black "Bildt, Maximilian"]
[Result "0-1"]
[WhiteElo "1709"]
[BlackElo "1762"]
[PlyCount "36"]
[EventDate "2006.01.06"]
[EventType "swiss"]
[EventRounds "7"]
[EventCountry "GER"]
[SourceTitle "EXT 2015"]
[Source "ChessBase"]
[SourceDate "2014.11.20"]
[SourceVersion "1"]
[SourceVersionDate "2014.11.20"]
[SourceQuality "1"]

1. e4 d5 2. exd5 Qxd5 3. Nc3 Qa5 4. Bc4 Nf6 5. d3 Bg4 6. Nf3 Nbd7 7. h3 Bh5 8. Bd2 Qb6 9. g4 Bg6 10. g5 Nh5 11. Nd5 Qd6 12. Qe2 0-0-0 13. d4 e6 14. Bb4 Qc6 15. Ne7+ Bxe7 16. Bxe7 Rde8 17. Bb4 Nf4 18. Qf1 Qxf3 0-1

[Event "Nuremberg Zabo op 07th"]
[Site "Nuremberg"]
[Date "2005.09.25"]
[Round "5"]
[White "Llugiq, Azem"]
[Black "Reuschl, Stefan"]
[Result "0-1"]
[WhiteElo "1567"]
[BlackElo "1691"]
[PlyCount "94"]
[EventDate "2005.09.23"]
[EventType "swiss"]
[EventRounds "5"]
[EventCountry "GER"]
[SourceTitle "EXT 2012"]
[Source "ChessBase"]
[SourceDate "2011.11.24"]
[SourceVersion "1"]
[SourceVersionDate "2011.11.24"]
[SourceQuality "1"]

1. e4 c5 2. Nf3 Nc6 3. d4 cxd4 4. Nxd4 e6 5. Bb5 Nf6 6. Nxc6 bxc6 7. Bd3 d5 8. e5 Nd7 9. Qe2 Rb8 10. 0-0 Qc7 11. b3 Nxe5 12. Re1 Bd6 13. Bb2 Nxd3 14. Qxd3 f6 15. h3 Bc5 16. Nd2 0-0 17. Nf1 e5 18. Bc1 Be6 19. c3 Bb6 20. Rb1 c5 21. Qd2 d4 22. Ba3 Rfc8 23. Rbc1 dxc3 24. Qxc3 Ba5 25. b4 Bxb4 26. Bxb4 Rxb4 27. Rc2 Rd4 28. Rec1 c4 29. Ne3 Qc5 30. Kf1 f5 31. Rb2 Rcd8 32. Ke1 h5 33. Nc2 Rd3 34. Qb4 Qxb4+ 35. Nxb4 R3d7 36. Nc6 Rc8 37. Nxe5 Rdc7 38. Rc3 Kf8 39. Re2 Ke7 40. Nf3 Kf6 41. h4 Rb7 42. Kd2 Rb2+ 43. Ke3 f4+ 44. Kxf4 Rxe2 45. Kg3 Rd8 46. Ra3 Rd7 47. Ng5 Rd3+ 0-1

[Event "Nuremberg Zabo op 07th"]
[Site "Nuremberg"]
[Date "2005.09.24"]
[Round "3"]
[White "Leis, Stefan"]
[Black "Reuschl, Stefan"]
[Result "0-1"]
[WhiteElo "1596"]
[BlackElo "1691"]
[PlyCount "50"]
[EventDate "2005.09.23"]
[EventType "swiss"]
[EventRounds "5"]
[EventCountry "GER"]
[SourceTitle "EXT 2012"]
[Source "ChessBase"]
[SourceDate "2011.11.24"]
[SourceVersion "1"]
[SourceVersionDate "2011.11.24"]
[SourceQuality "1"]

1. e4 c5 2. Nf3 e6 3. d4 cxd4 4. Nxd4 Nc6 5. Bc4 Nf6 6. Bg5 Qa5+ 7. Bd2 Qc5 8. Nxc6 Qxc4 9. Na5 Qxe4+ 10. Kf1 b6 11. Nc3 Ba6+ 12. Kg1 Qh4 13. Qf3 d5 14. Nc6 Bd6 15. a3 0-0 16. g3 Qc4 17. Nb4 Bb7 18. b3 Qc8 19. Nb5 Bc5 20. Bg5 d4 21. Qf4 e5 22. Qh4 Bxb4 23. axb4 Qc6 24. f3 Qxf3 25. Bxf6 Qg2# 0-1

[Event "Nuremberg-ch op 05th"]
[Site "Nuremberg"]
[Date "2005.05.07"]
[Round "2"]
[White "Reuschl, Stefan"]
[Black "Bosch, Karl"]
[Result "0-1"]
[WhiteElo "1754"]
[BlackElo "1998"]
[PlyCount "36"]
[EventDate "2005.05.06"]
[EventType "swiss"]
[EventRounds "5"]
[EventCountry "GER"]
[SourceTitle "EXT 2007"]
[Source "ChessBase"]
[SourceDate "2006.11.23"]
[SourceVersion "1"]
[SourceVersionDate "2006.11.23"]
[SourceQuality "1"]

1. e4 e6 2. d4 a6 3. Nf3 b6 4. Bd3 d6 5. 0-0 Nd7 6. Bf4 Ne7 7. e5 Ng6 8. Qd2 Bb7 9. exd6 Nxf4 10. Qxf4 Bxd6 11. Qe3 Nf6 12. Nc3 Ng4 13. Qe2 Qf6 14. Be4 c6 15. h3 h5 16. hxg4 hxg4 17. Ne5 Qh4 18. f4 g3 0-1

[Event "Mittelfranken-chT 0405"]
[Site "Germany"]
[Date "2005.04.03"]
[Round "8.6"]
[White "Hermann, Paul"]
[Black "Reuschl, Stefan"]
[Result "0-1"]
[WhiteElo "1496"]
[BlackElo "1747"]
[PlyCount "42"]
[EventDate "2004.10.17"]
[EventType "team"]
[EventRounds "9"]
[EventCountry "GER"]
[SourceTitle "EXT 2007"]
[Source "ChessBase"]
[SourceDate "2006.11.23"]
[SourceVersion "1"]
[SourceVersionDate "2006.11.23"]
[SourceQuality "1"]

1. e4 c5 2. Nf3 Nc6 3. c3 d5 4. exd5 Qxd5 5. d3 Bg4 6. Be2 Rd8 7. Be3 e5 8. c4 Qd7 9. Nc3 f5 10. Bg5 Be7 11. Nd5 Bxf3 12. Bxe7 Bxe2 13. Qxe2 Ngxe7 14. Qh5+ Ng6 15. 0-0 0-0 16. Rae1 Nce7 17. Re3 Nxd5 18. cxd5 Nf4 19. Qh4 Qxd5 20. Rf3 Rd6 21. Re1 Nxg2 0-1

[Event "Mittelfranken-chT 0405"]
[Site "Germany"]
[Date "2005.03.13"]
[Round "7.7"]
[White "Kollitz, Carsten"]
[Black "Reuschl, Stefan"]
[Result "0-1"]
[WhiteElo "1639"]
[BlackElo "1747"]
[PlyCount "90"]
[EventDate "2004.10.17"]
[EventType "team"]
[EventRounds "9"]
[EventCountry "GER"]
[SourceTitle "EXT 2007"]
[Source "ChessBase"]
[SourceDate "2006.11.23"]
[SourceVersion "1"]
[SourceVersionDate "2006.11.23"]
[SourceQuality "1"]

1. e4 c5 2. Nf3 Nc6 3. d4 cxd4 4. Nxd4 Nf6 5. Nc3 e5 6. Nf3 Bb4 7. Bd3 d5 8. exd5 Bxc3+ 9. bxc3 Qxd5 10. Qe2 Bg4 11. Bc4 Qa5 12. Bd2 0-0 13. h3 Bf5 14. Bb3 Ne4 15. Qe3 Rad8 16. Rd1 Rd7 17. 0-0 Rfd8 18. Rfe1 Bg6 19. Kf1 Ne7 20. g4 Nd5 21. Bxd5 Rxd5 22. h4 Nxd2+ 23. Rxd2 Rxd2 24. Nxd2 f6 25. Ne4 Qxa2 26. h5 Qc4+ 27. Kg2 Bxe4+ 28. Qxe4 Qxc3 29. Re3 Qc6 30. Kf3 Qxe4+ 31. Kxe4 Rd4+ 32. Kf3 Kf7 33. Rb3 b6 34. Ra3 Rd7 35. Ke4 g6 36. h6 Ke6 37. c3 f5+ 38. gxf5+ gxf5+ 39. Ke3 Kf6 40. Ra1 Kg6 41. Rh1 Rc7 42. Kd3 Rc6 43. f3 Kg5 44. Re1 Kf4 45. Rf1 Rxh6 0-1